Ni ná, ni cosa / (Record no. 127628)

MARC details
000 -LEADER
campo de control de longitud fija 00504nam a2200181 4500
001 - NÚMERO DE CONTROL
campo de control 127628
003 - IDENTIFICADOR DE NÚMERO DE CONTROL
campo de control ES-MaACL
005 - FECHA Y HORA DE LA ÚLTIMA TRANSACCIÓN
campo de control 20230906193042.0
007 - CAMPO FIJO DE DESCRIPCIÓN FÍSICA--INFORMACIÓN GENERAL
campo de control de longitud fija t|
008 - DATOS DE LONGITUD FIJA--INFORMACIÓN GENERAL
campo de control de longitud fija 070214s1970 mx r ||||1| spa d
100 1# - ENTRADA PRINCIPAL--NOMBRE DE PERSONA
Nombre de persona Rius Zunon, Luis.
9 (RLIN) 97523
245 10 - MENCIÓN DEL TÍTULO
Título Ni ná, ni cosa /
Mención de responsabilidad, etc. Luis Rius Zunon.
260 ## - PUBLICACIÓN, DISTRIBUCIÓN, ETC.
Lugar de publicación, distribución, etc. México :
Nombre del editor, distribuidor, etc. [s. n.],
Fecha de publicación, distribución, etc. 1970.
300 ## - DESCRIPCIÓN FÍSICA
Extensión 12 h. ;
Dimensiones 22 cm.
852 ## - LOCALIZACIÓN
Ubicación ES-MaACL
Número de control de estantería 2067-F-26
Sublocalización o colección R.74572
852 ## - LOCALIZACIÓN
Ubicación ES-MaACL
Número de control de estantería 2085-F-17
Sublocalización o colección R.88894
852 ## - LOCALIZACIÓN
Ubicación ES-MaACL
Número de control de estantería 2085-F-18
Sublocalización o colección R.88893
Holdings
Estatus retirado Estado de pérdida Estado de daño No para préstamo Colección Biblioteca de origen Biblioteca actual Ubicación en estantería Fecha de adquisición Fuente de adquisición Total de préstamos Signatura topográfica completa Código de barras Visto por última vez Precio de reemplazo Tipo de ítem Koha
        Colección de folletos Biblioteca del Ateneo de Madrid Biblioteca del Ateneo de Madrid Depósito folletos 17/01/2008     2085-F-18 1132930 23/02/2023 23/02/2023 Folleto
        Colección de folletos Biblioteca del Ateneo de Madrid Biblioteca del Ateneo de Madrid Depósito folletos 17/01/2008     2067-F-26 1132928 23/02/2023 23/02/2023 Folleto
        Colección de folletos Biblioteca del Ateneo de Madrid Biblioteca del Ateneo de Madrid Depósito folletos 17/01/2008     2085-F-17 1132929 23/02/2023 23/02/2023 Folleto